000 00518nam a2200157 4500
001 FRBNF374735740000007
003 http://catalogue.bnf.fr/ark:/12148/cb374735744
005 20250121121651.0
008 250121b |||||||| |||| 00| 0 eng d
100 _a19960424d1995 m y0frey50 ba
245 _aA texbook of christian ethics
260 _alondon
_bT and T Clark
_c1995c
300 _aBibliogr. p. 567-588. Index
700 _312525379
_oISNI0000000398946680
_aGill
_bRobin
_f1944-....
_4070
942 _2lcc
_cBK
_n0
999 _c2743
_d2743